Southville International School and Colleges
Your cart is empty.
  • Cart
  • Lists
    Public lists Eva Luna New books Lux_list list_1
    Your lists Log in to create your own lists
  • Log in to your account
  • Your cookies
  • Search history
Southville International School and Colleges
  • Advanced search
  • Recent comments
  • Most popular
  • Libraries

Log in to your account

Log in with GOOGLE


If you do not have an external account, but do have a local account, you can still log in:

  1. Home
  2. MARC view: Resources for teaching mathematics :
Normal view MARC view ISBD view

Resources for teaching mathematics : (Record no. 25097)

[ view plain ]
MARC details
000 -LEADER
fixed length control field 00558nam a2200181 a 4500
005 - DATE AND TIME OF LATEST TRANSACTION
control field 20140310183601.0
008 - FIXED-LENGTH DATA ELEMENTS--GENERAL INFORMATION
fixed length control field 111201s19uu xx 00 eng d
020 ## - INTERNATIONAL STANDARD BOOK NUMBER
International Standard Book Number 9780826436030
050 ## - LIBRARY OF CONGRESS CALL NUMBER
Classification number QA 11
Item number .F69 2010
100 ## - MAIN ENTRY--PERSONAL NAME
Personal name Foster, Colin
245 ## - TITLE STATEMENT
Title Resources for teaching mathematics :
Remainder of title 14-16 /
Statement of responsibility, etc Colin Foster.
260 ## - PUBLICATION, DISTRIBUTION, ETC. (IMPRINT)
Place of publication, distribution, etc London :
Name of publisher, distributor, etc Continuum International Publishing,
Date of publication, distribution, etc 2010.
300 ## - PHYSICAL DESCRIPTION
Extent 309 p. :
Dimensions 29 cm.
650 ## - SUBJECT ADDED ENTRY--TOPICAL TERM
Topical term or geographic name as entry element Mathematics
General subdivision Study and teaching (Secondary)
650 ## - SUBJECT ADDED ENTRY--TOPICAL TERM
Topical term or geographic name as entry element Curriculum planning
942 ## - ADDED ENTRY ELEMENTS (KOHA)
Koha item type Books
Source of classification or shelving scheme Library of Congress Classification
Call number prefix Foreign
Holdings
Withdrawn status Lost status Source of classification or shelving scheme Damaged status Home library Current library Shelving location Date acquired Source of acquisition Total Checkouts Full call number Barcode Date last seen Copy number Price effective from Koha item type
    Library of Congress Classification   College Library College Library General Circulation Section 12/01/2011 Donation   QA 11 .F69 2010 C14259 05/15/2018 1 03/10/2014 Books

Resources for teaching mathematics :

APA

Foster C., . (2010). Resources for teaching mathematics. London: Continuum International Publishing.

Chicago

Foster Colin, . 2010. Resources for teaching mathematics. London: Continuum International Publishing.

Harvard

Foster C., . (2010). Resources for teaching mathematics. London: Continuum International Publishing.

MLA

Foster Colin, . Resources for teaching mathematics. London: Continuum International Publishing. 2010.

  • Place hold
  • Print
  • Cite
  • Add to your cart (remove)
  • Save record
    BIBTEX Dublin Core MARCXML MARC (non-Unicode/MARC-8) MARC (Unicode/UTF-8) MARC (Unicode/UTF-8, Standard) MODS (XML) RIS
  • More searches
    Search for this title in:
    Other Libraries (WorldCat) Other Databases (Google Scholar) Online Stores (Bookfinder.com) Open Library (openlibrary.org)

Exporting to Dublin Core...

SOUTHVILLE LIBRARY

Southville International School and Colleges Library

1281 Tropical Ave. Cor. Luxembourg St., BF Homes International, Las Pinas City

Tel. No. 8256374 / 252358 Loc. 117/146

Powered by Koha